000 00824nam a2200229 a 4500
001 0935
005 20140414132145.0
008 041008s19uu xx 00 eng d
020 _a0-590-76168-4
050 _aKIT (SER) 591.56'48
_bC16 1998
100 _aCanizares, Susan
245 _aHomes in the ground /
_cSusan Canizares, Mary Reid.
260 _aNew York:
_bScholastic Inc.,
_c1998.
300 _a1 v. (unp.) ; ill.
440 _aScience Emergent Readers
500 _a"Scholastic early childhood"--Includes index
520 _aPhotographs and simple text to show some of the mammals that make burrow and tunner going in and out of their underground homes.
650 _aBurrowing animals
_xJuvenile literature
650 _aAnimals
_xHabitations
_xJuvenile literature
999 _c115411
_d115411